Educación geriátrica : para servicios de emergencias médicas (Registro nro. 8014)
[ vista simple ]
| 000 -CABECERA | |
|---|---|
| campo de control de longitud fija | 01004nam a22003257a 4500 |
| 005 - FECHA Y HORA DE ACTUALIZACIÓN | |
| campo de control | 20220203133534.0 |
| 008 - LONGITUD FIJA | |
| campo de control de longitud fija | 160425b xxu||||| |||| 00| 0 spa d |
| 020 ## - INTERNATIONAL STANDARD BOOK NUMBER | |
| Número Internacional Estándar del Libro | 9781284103113 |
| 041 ## - IDIOMA | |
| Código de idioma del texto/pista de sonido o título separado | |
| 082 ## - CLASIFICACIÓN DECIMAL DEWEY | |
| Número de clasificación | 618.97 S675e |
| 100 ## - AUTOR PERSONAL | |
| Nombre de persona | Snyder, David R. |
| 100 ## - AUTOR PERSONAL | |
| Nombre de persona | Shah, Manish N. |
| 245 ## - TÍTULO PROPIAMENTE DICHO | |
| Título | Educación geriátrica : para servicios de emergencias médicas |
| 260 ## - PIE DE IMPRENTA | |
| Lugar de publicación, distribución, etc. | Estados Unidos |
| Nombre del editor, distribuidor, etc. | Jones & Bartlett Learning |
| Fecha de publicación, distribución, etc. | 2017 |
| 300 ## - DESCRIPCIÓN FÍSICA | |
| Extensión | 301 páginas |
| 650 ## - Materia General | |
| Materia general | GERIATRÍA |
| 650 ## - Materia General | |
| Materia general | EMERGENCIAS MÉDICAS |
| 650 ## - Materia General | |
| Materia general | ENVEJECIMIENTO |
| 650 ## - Materia General | |
| Materia general | CAMBIOS CON LA EDAD |
| 650 ## - Materia General | |
| Materia general | COMUNICACIÓN |
| 650 ## - Materia General | |
| Materia general | EVALUACIÓN DEL PACIENTE |
| 650 ## - Materia General | |
| Materia general | ASPECTOS PSICOSOCIALES |
| 650 ## - Materia General | |
| Materia general | CUIDADOS DE LOS ANCIANOS |
| 650 ## - Materia General | |
| Materia general | TRAUMA |
| 650 ## - Materia General | |
| Materia general | FARMACOLOGÍA |
| 650 ## - Materia General | |
| Materia general | TOXICOLOGÍA |
| 650 ## - Materia General | |
| Materia general | DESATRES |
| 650 ## - Materia General | |
| Materia general | ABUSO DE LOS ADULTOS MAYORES |
| 942 ## - Punto de Acceso Adicional Koha | |
| Tipo de ítem Koha | Libro |
| Estado perdido | Estado dañado | No para préstamo | Biblioteca permanente | Biblioteca actual | Signatura completa | Código de barras | Precio efectivo a partir del | Tipo de ítem |
|---|---|---|---|---|---|---|---|---|
| Departamento de Biblioteca y Documentación Alfonso Chase Brenes | Departamento de Biblioteca y Documentación Alfonso Chase Brenes | 618.97 S675e | 20829 | 25/04/2016 | Libro |